| 000 | 00471nam a2200193Ia 4500 | ||
|---|---|---|---|
| 003 | OSt | ||
| 005 | 20250927111259.0 | ||
| 008 | 250729s2006 xx 000 0 und d | ||
| 020 | _a9788183420204 | ||
| 040 | _cAL | ||
| 041 | _aeng | ||
| 082 | _a420.7 TIWM | ||
| 100 |
_aTiwari Deepak _9222818 |
||
| 245 | _aMethods of teaching communication | ||
| 260 |
_aNew Delhi _bCrescent Publication _c2006 |
||
| 300 | _a302p | ||
| 650 |
_aEnglish _9222819 |
||
| 942 |
_2ddc _cBED |
||
| 999 |
_c235624 _d235624 |
||